Normal view
MARC view
Entry Topical Term
001 - CONTROL NUMBER
- control field: 151
003 - CONTROL NUMBER IDENTIFIER
- control field: BD-DhUIB
005 - DATE AND TIME OF LATEST TRANSACTION
- control field: 20210322120237.0
008 - FIXED-LENGTH DATA ELEMENTS
- fixed length control field: 210322|| aca||aabn | a|a d
040 ## - CATALOGING SOURCE
- Original cataloging agency: BD-DhUIB
- Transcribing agency: BD-DhUIB
150 ## - HEADING--TOPICAL TERM
- Topical term or geographic name entry element: Management information systems
670 ## - SOURCE DATA FOUND
- Source citation: Work cat.: (BD-DhUIB)0: O'Brien, James A., 1936- 150, Management information systems /, c2006.
